| 000 | 01156nam a2200241Ia 4500 | ||
|---|---|---|---|
| 003 | Ost | ||
| 005 | 20260507075406.0 | ||
| 008 | 260507s9999||||xx |||||||||||||| ||und|| | ||
| 020 | _a1296328977 | ||
| 040 | _cfsecg | ||
| 041 | _aara | ||
| 082 | _a330 | ||
| 100 |
_aناصف، إيمان عطية _eمؤلف |
||
| 245 | 0 |
_aإقتصاديات الموارد والبيئة / _c إيمان عطية ناصف |
|
| 260 |
_aالإسكندرية: _bدار الجامعة الجديدة, _c2007 |
||
| 300 |
_a303 صفحة؛ _bإيضاحات ؛ _c24 سم |
||
| 520 | _aيضم الموارد الإقتصادية وتقسيماتها، الموارد الطبيعية غير المتجددة، أهمية الزراعة في الإقتصاديات النامية، السياسة السعرية الزراعية، إقتصاديات الموارد البشرية، إقتصاديات السكان، إقتصاديات الصناعة، التلوث البيئي | ||
| 653 | _aالبيئة | ||
| 653 | _aالموارد الإقتصادية | ||
| 653 | _aالموارد الطبيعية | ||
| 653 | _aالموارد- إقتصاديات | ||
| 942 | _cكتاب | ||
| 999 |
_c44312 _d44312 |
||